Vista normal
Vista MARC
Entrada Personal Name
Número de registros utilizados en: 1
001 - CONTROL NUMBER
- control field: 5877
003 - CONTROL NUMBER IDENTIFIER
- control field: OSt
005 - DATE AND TIME OF LATEST TRANSACTION
- control field: 20210118140344.0
008 - FIXED-LENGTH DATA ELEMENTS
- fixed length control field: 171003 a|ac|n|aab||||||||||||a |n|||||||
040 ## - CATALOGING SOURCE
- Original cataloging agency: Mx-PuUPA
- Language of cataloging: spa
- Description conventions: rda
- Transcribing agency: Mx-PuUPA
- Modifying agency: Mx-PuUPA
046 ## - SPECIAL CODED DATES
- Birth date: 19120420
- Death date: 20090313
100 1# - HEADING--PERSONAL NAME
- Personal name: Donno, Olindo del,
- Dates associated with a name: 1912-2009,
370 ## - ASSOCIATED PLACE
- Place of birth: Santa Croce del Sannio
- Place of death: Bari
374 ## - OCCUPATION
- Occupation: Político
- Occupation: Presbítero
374 ## - OCCUPATION
- Occupation: Autor
375 ## - GENDER
- Gender: hombre
377 ## - ASSOCIATED LANGUAGE
- Language code: ita
670 ## - SOURCE DATA FOUND
- Source citation: Don Bosco, 1970:
- Information found: portada (Olino del Donno)
670 ## - SOURCE DATA FOUND
- Source citation: Wikipedia, 16 marzo 2018 :
- Information found: Olindo Del Donno ( Santa Croce del Sannio , 20 de abril de 1912 - Bari , 13 de marzo de 2009 ) fue un político y presbítero italiano. Plurilaureate (jurisprudencia, letras, filosofía y teología). Capellán militar , fue condecorado en la Segunda Guerra Mundial con la cruz de guerra a valor militar. Luego se adhirió a la República Social Italiana . Fue apodado el "sacerdote negro". Después de la guerra, fue profesor de filosofía e historia y luego director. Fue uno de los primeros miembros del Movimiento Social Italiano - Derecho Nacional y fue elegido diputado a la Cámara en 1976 en la lista del Movimiento Social Italiano - Derecho Nacional en Apulia y reconfirmado por otras tres legislaturas consecutivas, hasta 1992. De conformidad con la ley canónica, se suspendió un divinis durante todo el mandato parlamentario. En 1982 publicó la autobiografía Tres pecados y un suplente - Razones para una elección . En 1989 fue suspendido por el MSI por decisión de Gianfranco Fini porque desde los escritorios de la oposición votó por el Gobierno de Andreotti VI, pero permaneció en la Cámara en el grupo. Murió a la edad de 97 años el 13 de marzo de 2009) :
- Uniform Resource Identifier: https://it.wikipedia.org/wiki/Olindo_Del_Donno